000 00460nam a2200145Ia 4500
003 OSt
005 20260119112428.0
008 211028s2013 xx 000 0 und d
040 _cAIMIT LIBRARY
041 _aeng
100 _aThasleem, Mohammed;Shetty, Prathibha.
_g1116099
_97041
245 _aMarket feasibility study of a new energy drink with reference to global associates Kasaragod /
260 _aMangalore
_bPrathibha Shetty
_c2013
942 _2ddc
_cPRO
999 _c218611
_d218611